| 000 | 00679nam a2200229 u 4500 | ||
|---|---|---|---|
| 005 | 20220622063647.0 | ||
| 008 | 150907s2010 r 000 0 eng d | ||
| 020 | _a9789584529008 | ||
| 035 | _aUPN01000205650 | ||
| 049 | _aI | ||
| 050 | 4 |
_aPZ16.3 _bR5.7 |
|
| 100 | 1 |
_aRinck, Maranke _938304 |
|
| 245 | 1 | 1 |
_a¡Siento un pie! / _cMaranke Rinck ; tr. Olga Martín. |
| 260 |
_aBogotá : _bNorma, _c2010. |
||
| 300 |
_a[36] p. : _bprincipalmente il. col. |
||
| 440 | 0 | _aBuenas noches | |
| 534 | _pTitulo original: ik voel enn coet! | ||
| 650 | 4 |
_aCUENTOS INFANTILES HOLANDESES _911170 |
|
| 650 | 0 |
_aAnimales _vCuentos y leyendas _9234 |
|
| 905 | _aLibro | ||
| 999 |
_c177751 _d177751 |
||